000 00281nam a2200109Ia 4500
001 1268605
005 20260417145253.0
008 260417s9999 xx 000 0 und d
020 _a9786258159370
245 0 _aHayatımdan Hayvan Hikayeleri
_cÜmit Meriç
260 _bKetebe Çocuk
999 _c1268605
_d1268605